000 00486nam a22001697a 4500
999 _c5555
_d5555
003 GBCCL
005 20241126110544.0
008 180327b ||||| |||| 00| 0 eng d
020 _a1557488142
040 _cgbc
082 _a808.882
_bBOO
245 _aThe Book of clean jokes:
_bHilarious, clean jokes for kids of all ages /
_cCompiled & Edited by Toni Sortor
260 _aOhio:
_bBarbour & Company, Inc.
300 _a118 p.;
_c17 cm.
650 _aJokes
_910023
942 _2ddc
_cBK
_02